000 nam a22 7a 4500
999 _c7871
_d7871
008 171106b xxu||||| |||| 00| 0 eng d
100 _aRobson, Pam
_94003
245 _aEncyclopedia of Science Projects
260 _aNew Delhi
_bYoung Learner Publication